[Event "ITA-ch U20"]
[Site "Tarvisio"]
[Date "2023.07.07"]
[Round "7"]
[White "Serafini, Luigi"]
[Black "Fabbri, Giorgio"]
[Result "0-1"]
[WhiteElo "1532"]
[BlackElo "1754"]
[PlyCount "76"]
[EventDate "2023.07.02"]
[EventType "swiss"]
[EventRounds "9"]
[EventCountry "ITA"]
[SourceTitle "EXT 2024"]
[Source "ChessBase"]
[SourceDate "2023.10.10"]
[SourceVersion "1"]
[SourceVersionDate "2023.10.10"]
[SourceQuality "1"]

1. e4 d6 2. d4 Nf6 3. Nc3 g6 4. g3 Bg7 5. Bg2 c6 6. a4 Qc7 7. Nge2 e5 8. h3 0-0 9. Be3 h6 10. 0-0 a5 11. Qd2 Kh7 12. Rac1 Na6 13. d5 Nb4 14. dxc6 bxc6 15. Rfd1 Rd8 16. Bc5 Ne8 17. b3 Ba6 18. Bxb4 axb4 19. Na2 Rab8 20. Bf1 Qb6 21. Rb1 d5 22. exd5 cxd5 23. c3 bxc3 24. Nexc3 Bxf1 25. Kxf1 Nc7 26. b4 d4 27. Ne2 Qc6 28. b5 Qh1+ 29. Ng1 e4 30. Nb4 Ne6 31. f4 exf3 32. h4 d3 33. Nxd3 Rxd3 34. Qxd3 Qg2+ 35. Ke1 f2+ 36. Kd2 fxg1Q+ 37. Kc1 Rc8+ 38. Qc2 Rxc2# 0-1